| 000 | 00419nam a22001817a 4500 | ||
|---|---|---|---|
| 003 | MPLRDC | ||
| 005 | 20220104143106.0 | ||
| 008 | 210129b ||||| |||| 00| 0 eng d | ||
| 020 | _a962-357-058-6 | ||
| 082 | _a445.6 ZZX | ||
| 100 | _a周兆祥 | ||
| 245 |
_a绿色政治 _c |
||
| 260 |
_a _b明窗出版社 _c1988 |
||
| 300 | _b平 | ||
| 490 | _a益智系列 | ||
| 650 | _a景观工程 | ||
| 942 |
_cBK _o445.6 ZZX |
||
| 999 |
_c36550 _d36540 |
||